000
00343nam a2200145Ia 4500
005
20250404043256.0
008
240331s9999 xx 000 0 und d
082
_b
SOM
_a
894
100
_a
Somu, M
245
0
_a
Ellai thanda agathigal
260
_a
Tiruchi
_b
Tamil Kural Pathippagam
_c
1994
300
_a
206 p .,
650
_a
Noval
942
_c
L
999
_c
3779
_d
3779